|
|
|
|
| LEADER |
00000nam a2200000 a 4500 |
| 001 |
vtls010600742 |
| 003 |
SK-MaSNL |
| 005 |
20260331205502.0 |
| 008 |
160429s2013 xo a a 000 0 slo |
| 015 |
|
|
|a SNBA2014/07
|
| 020 |
|
|
|a 9788080883287 (viaz.)
|
| 035 |
|
|
|a F116F259-6627-4C2E-A741-A6F129339593
|
| 035 |
|
|
|a urn:nbn:sk:snk-amjona
|
| 035 |
|
|
|a urn:nbn:sk:snk-am003a4w
|
| 040 |
|
|
|a SNK
|b slo
|c SNK
|e AACR2
|
| 041 |
1 |
|
|a slo
|h ger
|
| 044 |
|
|
|a xo
|c SK
|
| 072 |
|
7 |
|a 0/9-053.2
|x Literatúra pre deti a mládež (náučná)
|2 konspekt
|
| 080 |
|
|
|a 316.346.32-053.4
|2 2001
|
| 080 |
|
|
|a 159.955
|2 2001
|
| 080 |
|
|
|a (0.053.2)
|2 2001
|
| 100 |
1 |
|
|a Suess, Anne
|4 ill
|9 47031
|
| 245 |
1 |
0 |
|a Ukážem ti číslice
|c [ilustrácie: Anne Süss ; preklad Sibyla Mislovičová]
|
| 260 |
|
|
|a Bratislava
|b Matys
|c 2013
|
| 300 |
|
|
|a [10] s.
|b fareb. ilustr.
|c 18 cm
|
| 500 |
|
|
|a Nad názvom: Prvé vedomosti
|
| 500 |
|
|
|a Názov z obalu
|
| 500 |
|
|
|a Kartónové listy
|
| 500 |
|
|
|a Pravdepod. prel. z nem.
|
| 650 |
0 |
7 |
|a deti predškolského veku
|2 SNKPH
|9 4103
|
| 650 |
0 |
7 |
|a rozvoj myslenia
|2 SNKPH
|9 3967
|
| 650 |
0 |
7 |
|a Preschool children
|2 SNKPHeng
|9 306219
|
| 650 |
0 |
7 |
|a Development of thought
|2 SNKPHeng
|9 312971
|
| 655 |
|
7 |
|a publikácie pre deti
|2 SNKPH
|9 70148
|
| 655 |
|
7 |
|a Children's literature
|2 SNKPHeng
|9 276039
|
| 700 |
1 |
|
|a Mislovičová, Sibyla,
|d 1958-
|4 trl
|9 212250
|
| 919 |
|
|
|a 978-80-8088-328-7
|
| 958 |
|
|
|a DB
|
| 958 |
|
|
|a OP
|
| 999 |
|
|
|c 668596
|d 670526
|
| 952 |
|
|
|a SNK
|b SNK
|y PREZ
|7 0
|p 17A1111495
|o snkSD 83262
|i snk2014/13002
|8 0
|0 0
|1 0
|4 0
|d 2014-06-03
|f 1
|l 0
|r 2025-12-04 00:00:00
|w 2026-02-23
|
| 952 |
|
|
|a SNK
|b SNK
|y PREZ
|7 0
|p 17A1111463
|o snkSD 83262 D1
|i snk2014/13003
|8 0
|0 0
|1 0
|4 0
|d 2014-06-03
|l 0
|r 2017-06-30 00:00:00
|w 2026-02-23
|